000 00454nam a2200157Ia 4500
008 240729s9999 xx 000 0 und d
022 _a2399-1623
245 0 _aJournal of Global Health Reports
260 _aUnited Kingdom
260 _bInishmore Laser Scientific Publishing Ltd
650 _a Public aspects of medicine
650 _aMedicine
856 _uhttps://doaj.org/toc/42a3146bfe134b1eb4a3a4b74ad61741
942 _2ddc
942 _cDOAJEJ
999 _c65777
_d65777
945 _a1
_bMadushi Gamage
_c1
_dMadushi Gamage